Effectif AC Milan 2025/2026 - Statistiques

Statistiques générales
  • Ce quiz a été pris 751 fois
    95 depuis la dernière actualisation
  • Le résultat moyen est 17 sur 24
Statistiques - réponses
Poste Numéro Pays Joueur % Correct
G 16 France Mike Maignan
100%
ATT 11 Etats-Unis Christian Pulisic
96%
ATT 10 Portugal Rafael Leão
96%
MIL 12 France Adrien Rabiot
91%
MIL 14 Croatie Luka Modrić
89%
MIL 19 France Youssouf Fofana
88%
ATT 18 France Christopher Nkunku
82%
DEF 23 Angleterre Fikayo Tomori
82%
ATT 7 Mexique Santiago Giménez
81%
DEF 2 Équateur Pervis Estupiñán
78%
DEF 31 Serbie Strahinja Pavlovic
78%
MIL 8 Angleterre Ruben Loftus-Cheek
74%
COACH - Italie Massimiliano Allegri
72%
ATT 9 Allemagne Niclas Füllkrug
70%
DEF 5 Belgique Koni De Winter
64%
DEF 46 Italie Matteo Gabbia
64%
MIL 4 Italie Samuele Ricci
62%
MIL 30 Suisse Ardon Jashari
58%
ATT 56 Belgique Alexis Saelemaekers
57%
DEF 33 Italie Davide Bartesaghi
55%
DEF 24 Suisse Zachary Athekame
46%
G 1 Italie Pietro Terracciano
43%
DEF 27 Allemagne David Odogu
38%
G 96 Italie Lorenzo Torriani
34%
Aucun quiz correspondant
Distribution des résultats
% des personnes avec chaque résultat
Percentile par nombre de réponses
Votre historique - résultats
Vous n’avez pas pris ce quiz depuis la dernière actualisation